| 000 | 00457nam a22001575i 4500 | ||
|---|---|---|---|
| 001 | 172262 | ||
| 003 | ES-MaACL | ||
| 005 | 20230906214844.0 | ||
| 008 | 090622s2005 sp |||| | spa d | ||
| 080 | _a821.134.2-14"19" | ||
| 100 | 1 |
_aAtienza, Pedro. _923739 |
|
| 245 | 1 | 0 |
_aCuadernos de las voces póstumas / _cPedro Atienza. |
| 260 |
_a[Madrid] : _bFortunata y Jacinta, _c[2005] |
||
| 300 |
_a40 p. ; _c22 cm. |
||
| 852 |
_aES-MaACL _j2251-F-3 _9R.144394 |
||
| 999 |
_c172262 _d172262 |
||